El tercer mundo frende al mercado comun Europeo / Antonio Sabchez Gazol (Registro nro. 25826)
[ vista simple ]
| 000 -LÍDER | |
|---|---|
| fixed length control field | 00336nam a2200109 4500 |
| 082 ## - NUMERO DE CLASIFICACION DECIMAL DEWEY | |
| Número de Clasificación | 330.9 G543t |
| 100 ## - ASIENTO PRINCIPAL--NOMBRE PERSONAL | |
| Nombre personal | Gazol Sanchez, Antonio |
| 245 ## - TÍTULO | |
| Título | El tercer mundo frende al mercado comun Europeo / Antonio Sabchez Gazol |
| 260 ## - PUBLICACIÓN, DISTRIBUCIÓN, ETC. (PIE DE IMPRENTA) | |
| Lugar de publicación, distribución, etc. | México : Fondo de Cultura Económica |
| 300 ## - DESCRIPCIÓN FÍSICA | |
| Extensión | 110p. / 22 cm. |
| 650 ## - ASIENTO SECUNDARIO DE MATERIA - TERMINO TEMÁTICO | |
| Término temático o nombre geográfico como elemento de entrada | 1. MERCADO COMUN EUROPEO |
| No. biblioteca | No. biblioteca | Número de clasificación | Código de barras/Número de adquisición | Número de copia | Tipo de material |
|---|---|---|---|---|---|
| LUIS G. INCLAN | LUIS G. INCLAN | 330.9 G543t | 9078 | 1 | Libros |
| LUIS G. INCLAN | LUIS G. INCLAN | 330.9 G543t | 9079 | 2 | Libros |
